E-Mail Essentials

Guardado en:
Detalles Bibliográficos
Autor principal: Tittel, Ed
Otros Autores: Robbins, Margaret
Formato: Libro
Lenguaje:inglés
Publicado: Boston AP Professional 1994
Edición:1. ed.
Materias:
Etiquetas: Agregar Etiqueta
Sin Etiquetas, Sea el primero en etiquetar este registro!

MARC

LEADER 00000nam a2200000 4500
001 c013012
005 20221205140514.2
020 |a 0-12-691397-8 
041 0 |a eng 
044 |a US 
245 1 0 |a E-Mail Essentials  |c Ed Tittel, Margaret Robbins 
250 |a 1. ed. 
264 1 |a Boston  |b AP Professional  |c 1994 
300 |a 298 s. 
610 2 0 |a pošta elektronická 
610 2 0 |a komunikácia 
610 2 0 |a pošty 
100 1 |a Tittel, Ed 
700 1 |a Robbins, Margaret